| Tag |
First Indicator |
Second Indicator |
Subfields |
| LEADER |
00000cam a2200000 a 4500 |
| 001 |
in00002345021 |
| 005 |
20151108070920.0 |
| 008 |
070920s2006 gw a bc 000 0 ger c |
| 020 |
|
|
|a 9783865882295
|
| 020 |
|
|
|a 3865882293
|
| 035 |
|
|
|a (OCoLC)ocn176925338
|
| 040 |
|
|
|a BTCTA
|c BTCTA
|d YDXCP
|d BAKER
|d TXA
|d UtOrBLW
|
| 041 |
1 |
|
|a eng
|a ger
|h ger
|
| 042 |
|
|
|a pcc
|
| 049 |
|
|
|a TXAM
|
| 050 |
|
4 |
|a ND588.G3538
|b A4 2006
|
| 100 |
1 |
|
|a Gerhard, Till,
|d 1971-
|
| 245 |
1 |
4 |
|a Die Guten und die Anderen /
|c Till Gerhard ; [Text: Ludwig Seyfarth ; Übersetzung/translation: Linda McCue].
|
| 264 |
|
1 |
|a Frankfurt am Main :
|b Revolver, Archiv für aktuelle Kunst ;
|c [2006]
|
| 264 |
|
2 |
|a [Santa Monica, Calif.] :
|b [RAM Publications and Distribution],
|
| 264 |
|
4 |
|c ©2006
|
| 300 |
|
|
|a 1 volume (unpaged) :
|b illustrations (chiefly color) ;
|c 32 cm.
|
| 336 |
|
|
|a text
|b txt
|2 rdacontent
|
| 337 |
|
|
|a unmediated
|b n
|2 rdamedia
|
| 338 |
|
|
|a volume
|b nc
|2 rdacarrier
|
| 500 |
|
|
|a "This catalogue is published on the occasion of the solo shows: Die Guten und die Anderen, 11.11-18.12.2005, Galleri K ... Oslo ... [and] Das Wir-Gefühl, 11.03-16.04.2005, Stellan Holm Gallery ... New York."--Colophon.
|
| 546 |
|
|
|a Text in German and English.
|
| 500 |
|
|
|a Cover title.
|
| 504 |
|
|
|a Includes bibliographical references.
|
| 505 |
0 |
|
|a Die Guten und die Bösen : das Unheimliche in der Malerei Till Gerhards = The good and the bad : the uncanny in the paintings of Till Gerhard / Ludwig Seyfarth -- [Paintings from exhibition] Das Wir-Gefühl, New York -- [Paintings from exhibition] Die Guten und die Anderen, Oslo.
|
| 600 |
1 |
0 |
|a Gerhard, Till,
|d 1971-
|v Exhibitions.
|
| 650 |
|
0 |
|a Good and evil in art
|v Exhibitions.
|
| 700 |
1 |
|
|a Seyfarth, Ludwig.
|
| 710 |
2 |
|
|a Galleri K (Oslo, Norway)
|
| 710 |
2 |
|
|a Stellan Holm Gallery.
|
| 938 |
|
|
|a Baker and Taylor
|b BTCP
|n BK0007441451
|
| 938 |
|
|
|a YBP Library Services
|b YANK
|n 2723293
|
| 938 |
|
|
|a Baker & Taylor
|b BKTY
|c 32.00
|d 32.00
|i 3865882293
|n 0007441451
|s active
|
| 945 |
|
|
|a PromptCat
|b 321747
|
| 946 |
|
|
|a stk
|
| 947 |
|
|
|a A14836555933
|
| 948 |
|
|
|a cataloged
|b h
|c 2008/2/13
|d c
|e jmarner
|f 3:57:50 pm
|
| 994 |
|
|
|a C0
|b TXA
|
| 999 |
|
|
|a MARS
|
| 999 |
f |
f |
|s 82efa6e8-9610-3155-ab69-91700f0e2f16
|i 1502ed35-f1a6-3a36-b5d7-8ca1f0e3e9ff
|t 0
|
| 952 |
f |
f |
|p ric
|a Texas A&M University
|b Rellis Campus
|c Joint Library Facility
|d Remote Storage
|t 0
|e ND588.G3538 A4 2006
|f Oversize
|h Library of Congress classification
|i unmediated -- volume
|m A14836555933
|
| 998 |
f |
f |
|a ND588.G3538 A4 2006
|t 0
|l Remote Storage
|